000 005830000a22001810004500
003 MACL
005 20160409122357.0
008 160409b xxu||||| |||| 00| 0 eng d
040 _aMACL
_cMACL
041 _aHindi
082 _a510
100 _aराजीव राजेन्‍द्रकुमार
_951127
245 _aगणित-विज्ञान का अद़भूत संसार
260 _bअनुराग प्रकाशन
_c1999
_aनई दिल्‍ली
350 _a125
650 _aMathamatics
_951270
942 _cHIN
_k510
_2ddc
999 _c12066
_d12066